| 000 | 01673nam a2200409 a 4500 | ||
|---|---|---|---|
| 001 | ebr10481708 | ||
| 003 | CaPaEBR | ||
| 006 | m u | ||
| 007 | cr cn||||||||| | ||
| 008 | 110208s2011 inuac sb 001 0deng d | ||
| 010 | _z 2011004520 | ||
| 020 | _z9780253356369 (cloth : alk. paper) | ||
| 020 | _z9780253223241 (pbk. : alk. paper) | ||
| 020 | _z9780253001535 (e-book) | ||
| 040 |
_aCaPaEBR _cCaPaEBR |
||
| 035 | _a(OCoLC)747432792 | ||
| 050 | 1 | 4 |
_aHQ1075 _b.Q47 2011eb |
| 082 | 0 | 4 |
_a305.4201 _222 |
| 245 | 0 | 4 |
_aThe question of gender _h[electronic resource] : _bJoan W. Scott's critical feminism / _cedited by Judith Butler and Elizabeth Weed. |
| 260 |
_aBloomington : _bIndiana University Press, _cc2011. |
||
| 300 |
_a330 p. : _bill., ports. |
||
| 490 | 1 |
_a21st Century studies ; _vv. 4 |
|
| 504 | _aIncludes bibliographical references and index. | ||
| 505 | 0 | _apt. 1. Reading Joan Wallach Scott -- pt. 2. The case of history -- pt. 3. Seeing the question -- pt. 4. Body and sexuality in question. | |
| 533 |
_aElectronic reproduction. _bPalo Alto, Calif. : _cebrary, _d2013. _nAvailable via World Wide Web. _nAccess may be limited to ebrary affiliated libraries. |
||
| 600 | 1 | 0 | _aScott, Joan Wallach. |
| 650 | 0 | _aSex role. | |
| 650 | 0 | _aFeminist theory. | |
| 650 | 0 | _aFeminism. | |
| 650 | 0 |
_aWomen _xHistory. |
|
| 655 | 7 |
_aElectronic books. _2local |
|
| 700 | 1 |
_aButler, Judith, _d1956- |
|
| 700 | 1 |
_aWeed, Elizabeth, _d1940- |
|
| 710 | 2 | _aebrary, Inc. | |
| 830 | 0 |
_a21st Century studies ; _vv. 4. |
|
| 856 | 4 | 0 |
_uhttp://site.ebrary.com/lib/rucke/Doc?id=10481708 _zAn electronic book accessible through the World Wide Web; click to view |
| 999 |
_c225002 _d225002 |
||